Olivia Dean Charting Songs (Billboard Hot 100) - Statistics

General Stats
  • This quiz has been taken 74 times
    10 since last reset
  • The average score is 7 of 9
Answer Stats
Album Weeks On Peak Artist(s) Song % Correct
The Art of Loving 42 Weeks #2 Olivia Dean Man I Need
100%
The Art of Loving 20 Weeks #65 Olivia Dean Nice To Each Other
89%
People Watching (Deluxe Edition) 12 Weeks #64 Sam Fender & Olivia Dean Rein Me In
89%
The Art of Loving 37 Weeks #5 Olivia Dean So Easy (To Fall In Love)
89%
The Art of Loving 11 Weeks #71 Olivia Dean Let Alone The One You Love
78%
The Art of Loving 20 Weeks #26 Olivia Dean A Couple Minutes
67%
The Art of Loving 3 Weeks #91 Olivia Dean Baby Steps
67%
The Art of Loving 1 Week #99 Olivia Dean I've Seen It
67%
Non-Album Single 1 Week #88 Olivia Dean The Christmas Song
22%
No matching quizzes found
Score Distribution
Percent of People with Each Score
Percentile by Number Answered
Your Score History
You have not taken this quiz since the last reset